LEADER 00994nam a2200241 i 4500 001 991004308424607536 005 20240318125542.0 008 240223s2022 it er 001 0 ita 020 $a9788835148593 040 $aBibl. Dip.le Aggr. Scienze Umane e Sociali - Sez. Studi Storici 082 04$a372.357 100 1 $aPaparella, Nicola$0220753 245 10$aBambini intraprendenti :$bla scuola in campagna /$cNicola Paparella, Ezio Del Gottardo ; con due postille di Andrea Tarantino 260 $aMilano :$bFranco Angeli,$c2023 300 $a128 p. ;$c23 cm. 490 1 $aFare scuola ;$v4 650 4$aBambini$xEducazione$xRuolo dei Rapporti con l'Ambiente naturale 650 4$aBambini$xEducazione$xStudi di caso : Centro educativo psicopedagogico AgriBimbi 700 1 $aDel Gottardo, Ezio$eauthor$4http://id.loc.gov/vocabulary/relators/aut$0731759 700 1 $aTarantino, Andrea$d<1975- > 912 $a991004308424607536 996 $aBambini intraprendenti$94133048 997 $aUNISALENTO LEADER 02361nam0 22005293i 450 001 VAN0211547 005 20230609125210.748 017 70$2N$a9783319723143 100 $a20210907d2018 |0itac50 ba 101 $aeng 102 $aCH 105 $a|||| ||||| 200 1 $aPhysics of Oscillations and Waves$eWith use of Matlab and Python$fArnt Inge Vistnes 210 $aCham$cSpringer$d2018 215 $axviii, 576 p.$cill.$d24 cm 410 1$1001VAN0211548$12001 $aUndergraduate Texts in Physics$1210 $aCham [etc.]$cSpringer 500 1$3VAN0211549$aPhysics of Oscillations and Waves$92511819 606 $a68-XX$xComputer science [MSC 2020]$3VANC019670$2MF 606 $a76-XX$xFluid mechanics [MSC 2020]$3VANC019858$2MF 606 $a70-XX$xMechanics of particles and systems [MSC 2020]$3VANC021390$2MF 606 $a78-XX$xOptics, electromagnetic theory [MSC 2020]$3VANC022356$2MF 606 $a74-XX$xMechanics of deformable solids [MSC 2020]$3VANC022466$2MF 610 $aDipole radiation and lasers$9KW:K 610 $aDispersion and surface waves on water$9KW:K 610 $aElectromagnetic waves$9KW:K 610 $aForced oscillations and resonance$9KW:K 610 $aFourier analysis$9KW:K 610 $aFree and damped oscillations$9KW:K 610 $aGeometric optics$9KW:K 610 $aInterference and diffraction$9KW:K 610 $aMeasurements of light$9KW:K 610 $aNumerical methods for physics$9KW:K 610 $aReflection, transmission and polarization$9KW:K 610 $aSkin depth and wave guides$9KW:K 610 $aWavelet transformation$9KW:K 610 $aWaves textbook$9KW:K 620 $aCH$dCham$3VANL001889 700 1$aVistnes$bArnt Inge$3VANV182141$01060192 712 $aSpringer $3VANV108073$4650 801 $aIT$bSOL$c20240614$gRICA 856 4 $uhttp://doi.org/10.1007/978-3-319-72314-3$zE-book ? Accesso al full-text attraverso riconoscimento IP di Ateneo, proxy e/o Shibboleth 899 $aBIBLIOTECA DEL DIPARTIMENTO DI MATEMATICA E FISICA$1IT-CE0120$2VAN08 912 $fN 912 $aVAN0211547 950 $aBIBLIOTECA DEL DIPARTIMENTO DI MATEMATICA E FISICA$d08CONS e-book 3634 $e08eMF3634 20210907 996 $aPhysics of Oscillations and Waves$92511819 997 $aUNICAMPANIA